000
00299nam a2200097Ia 4500
082
_a
MMID-PGSE-PCHR
245
0
_a
Safe diving : a medical handbook for scuba divers
100
_a
KAYLE, Allan Cape Town, 2009 2nd ed
_9
91912
942
_c
BK
008
210817s9999 xx 000 0 und d
999
_c
373476
_d
373476